[Event "World Junior Championship (Girls)"]
[Site "Yerevan ARM"]
[Date "2007.10.05"]
[EventDate "2007.10.03"]
[Round "3"]
[Result "1-0"]
[White "Nune Darbinyan"]
[Black "Elena Tairova"]
[WhiteElo "2089"]
[BlackElo "2391"]
[PlyCount "115"]

1. Nf3 d5 2. d4 Nf6 3. c4 c6 4. Qc2 g6 5. Bf4 Bg7 6. e3 O-O
7. Nc3 c5 8. cxd5 cxd4 9. Nxd4 Nxd5 10. Nxd5 Qxd5 11. Nb5 Bf5
12. Qb3 Qxb3 13. axb3 Nc6 14. Nc3 Nb4 15. Ra4 Nd3+ 16. Bxd3
Bxd3 17. f3 Rfd8 18. Kf2 e6 19. Rc1 Rd7 20. e4 a6 21. Raa1 f5
22. exf5 exf5 23. Rd1 Rc8 24. Rac1 h6 25. h4 Kf7 26. Rd2 Bf6
27. Rcd1 Rcd8 28. Bxh6 Bxh4+ 29. g3 Bf6 30. Be3 Be5 31. Bb6
Rh8 32. Rxd3 Rh2+ 33. Kg1 Rxd3 34. Rxd3 Rxb2 35. Nd1 Rc2
36. f4 Bf6 37. Bf2 b5 38. Ne3 Rc1+ 39. Kg2 a5 40. Rd5 a4
41. Rxb5 a3 42. Ra5 Ra1 43. Kf3 Be7 44. b4 Ke6 45. Nc2 Ra2
46. Nxa3 Bxb4 47. Re5+ Kf6 48. Nc4 Bc3 49. Rd5 Ra4 50. Bd4+
Bxd4 51. Rxd4 g5 52. fxg5+ Kxg5 53. Rf4 Ra6 54. Ne3 Rf6
55. Rd4 Rf8 56. Rd5 Kg6 57. Kf4 Re8 58. Nxf5 1-0

[Event "World Junior Championship (Girls)"]
[Site "Yerevan ARM"]
[Date "2007.10.06"]
[EventDate "2007.10.03"]
[Round "4"]
[Result "1-0"]
[White "Elena Tairova"]
[Black "Lusine Alaverdyan"]
[WhiteElo "2391"]
[BlackElo "1990"]
[PlyCount "71"]

1. e4 c5 2. Nf3 Nc6 3. d4 cxd4 4. Nxd4 Nf6 5. Nc3 g6 6. Nxc6
bxc6 7. e5 Nd5 8. Nxd5 cxd5 9. Qxd5 Rb8 10. e6 Bg7 11. exf7+
Kf8 12. Bh6 Bxh6 13. Qe5 Kxf7 14. Qxb8 Qa5+ 15. c3 Qg5 16. Rd1
d6 17. Qb5 Qf6 18. Bc4+ Kg7 19. O-O Bf5 20. Qd5 Rb8 21. Bb3
Rd8 22. Qd4 e5 23. Qxa7+ Rd7 24. Qa8 Rd8 25. Qb7+ Rd7 26. Qd5
Qf8 27. a4 Bg5 28. a5 Be7 29. Ra1 Ra7 30. Bc4 Bd8 31. b4 Bc8
32. Qd3 Qe8 33. Qxd6 Rd7 34. Qe6 Qf8 35. Qxe5+ Bf6 36. Qg3 1-0

[Event "World Junior Championship (Girls)"]
[Site "Yerevan ARM"]
[Date "2007.10.07"]
[EventDate "2007.10.03"]
[Round "5"]
[Result "1-0"]
[White "Marine Grigorian"]
[Black "Elena Tairova"]
[WhiteElo "2078"]
[BlackElo "2391"]
[PlyCount "83"]

1. e4 c5 2. Nf3 d6 3. c3 Nf6 4. Bc4 e6 5. Qe2 Be7 6. d4 cxd4
7. cxd4 d5 8. Bb5+ Bd7 9. Bxd7+ Qxd7 10. e5 Ne4 11. O-O Nc6
12. Nbd2 Nxd2 13. Bxd2 O-O 14. Qd3 h6 15. Ne1 Rfc8 16. Kh1 Bb4
17. f4 Bxd2 18. Qxd2 Ne7 19. Nc2 Rc6 20. g4 Rb6 21. Ne3 Qb5
22. Rf2 Nc6 23. Rd1 Qb4 24. Qd3 Qe7 25. f5 Rb4 26. f6 Qd8
27. Nc2 Rxb2 28. fxg7 Rc8 29. Rdf1 Rc7 30. Rf6 Kxg7 31. g5
hxg5 32. Qh3 Qh8 33. Rxf7+ Rxf7 34. Rxf7+ Kxf7 35. Qxh8 Ke7
36. Qg7+ Ke8 37. Qxg5 Kd7 38. Qg7+ Kc8 39. Qf8+ Nd8 40. Qc5+
Nc6 41. a3 a5 42. h4 1-0

[Event "World Junior Championship (Girls)"]
[Site "Yerevan ARM"]
[Date "2007.10.08"]
[EventDate "2007.10.03"]
[Round "6"]
[Result "1-0"]
[White "Elena Tairova"]
[Black "Irina Gevorgyan"]
[WhiteElo "2391"]
[BlackElo "2078"]
[PlyCount "77"]

1. e4 c5 2. Nf3 e6 3. d4 cxd4 4. Nxd4 a6 5. Bd3 Nf6 6. O-O Qc7
7. c4 Nc6 8. Nf3 b6 9. b3 Bd6 10. Bb2 Ne5 11. h3 Bb7 12. Re1
O-O 13. Nd4 Rad8 14. Nc3 Qb8 15. Bc2 Ng6 16. Qe2 Bh2+ 17. Kh1
Bc7 18. Nf3 Ne5 19. Rad1 Nxf3 20. gxf3 Be5 21. Qe3 Bc6 22. b4
Rfe8 23. b5 axb5 24. cxb5 Ba8 25. Na4 Bxb2 26. Nxb2 d5 27. e5
Nd7 28. Rd4 Rc8 29. Bb1 Rc5 30. Rh4 f5 31. exf6 Nxf6 32. Nd3
Rxb5 33. Ne5 Rc5 34. Qg5 Rc7 35. Ng4 Nxg4 36. Bxh7+ Kf8
37. Rxg4 Qd8 38. Qe5 Ree7 39. Bg6 1-0

[Event "World Junior Championship (Girls)"]
[Site "Yerevan ARM"]
[Date "2007.10.09"]
[EventDate "2007.10.03"]
[Round "7"]
[Result "0-1"]
[White "Katrine Tjolsen"]
[Black "Elena Tairova"]
[WhiteElo "2081"]
[BlackElo "2391"]
[PlyCount "64"]

1. d4 d5 2. c4 c6 3. Nf3 Nf6 4. Nc3 e6 5. Bg5 h6 6. Bh4 dxc4
7. e4 g5 8. Bg3 b5 9. Be2 Bb7 10. h4 g4 11. Ne5 Nbd7 12. Nxg4
b4 13. Na4 Nxe4 14. Be5 Rg8 15. Bf3 Rxg4 16. Bxg4 Nxe5
17. dxe5 Qa5 18. O-O Qxe5 19. f4 Qf6 20. f5 e5 21. Re1 Nc5
22. g3 Rd8 23. Qc2 Nxa4 24. Qxa4 Bc5+ 25. Kh1 Rd4 26. Bh3 Rd3
27. Rg1 Qd6 28. Rad1 Bxg1 29. Rxg1 a6 30. Kh2 Kf8 31. Rg2 c5
32. Rg1 Rd2+ 0-1

[Event "World Junior Championship (Girls)"]
[Site "Yerevan ARM"]
[Date "2007.10.11"]
[EventDate "2007.10.03"]
[Round "8"]
[Result "1-0"]
[White "Elena Tairova"]
[Black "Padmini Rout"]
[WhiteElo "2391"]
[BlackElo "2226"]
[PlyCount "91"]

1. e4 c5 2. Nf3 d6 3. d4 cxd4 4. Nxd4 Nf6 5. Nc3 a6 6. Be2 e5
7. Nb3 Be7 8. O-O O-O 9. Be3 Be6 10. Qd2 Nbd7 11. a4 b6
12. Rfd1 Qc7 13. Nd5 Bxd5 14. exd5 Ne4 15. Qe1 f5 16. f3 Nec5
17. Nxc5 bxc5 18. a5 h6 19. Qd2 Qd8 20. Qe1 f4 21. Bf2 e4
22. fxe4 Ne5 23. Ra3 Qc8 24. Rb1 Rb8 25. Qf1 Ra8 26. Kh1 g5
27. h3 Kg7 28. b4 cxb4 29. Rxb4 h5 30. Bd4 g4 31. Rc3 Qd7
32. Bxa6 Rab8 33. Rxb8 Rxb8 34. Qxf4 Rb1+ 35. Kh2 Bf6 36. Rb3
Rxb3 37. cxb3 gxh3 38. Be2 hxg2 39. Kxg2 Qb7 40. a6 Qxb3
41. Qg3+ Qxg3+ 42. Kxg3 h4+ 43. Kh3 Nd7 44. Be3 Bd8 45. a7 Bb6
46. a8=Q 1-0

[Event "World Junior Championship (Girls)"]
[Site "Yerevan ARM"]
[Date "2007.10.12"]
[EventDate "2007.10.03"]
[Round "9"]
[Result "0-1"]
[White "Soumya Swaminathan"]
[Black "Elena Tairova"]
[WhiteElo "2244"]
[BlackElo "2391"]
[PlyCount "71"]

1. e4 c5 2. Nf3 d6 3. d4 cxd4 4. Nxd4 Nf6 5. Nc3 a6 6. f3 e5
7. Nb3 Be6 8. Be3 Nbd7 9. g4 Nb6 10. g5 Nh5 11. Qd2 Be7
12. O-O-O O-O 13. Rg1 Rc8 14. Qf2 Nc4 15. Bxc4 Rxc4 16. Kb1 f5
17. Nc5 Bc8 18. exf5 Bxf5 19. Qe2 b5 20. N5e4 Qb8 21. Nd5 Bd8
22. b3 Rc8 23. Bc1 a5 24. Ne3 Nf4 25. Qd2 Bg6 26. Nxd6 Bb6
27. Nxc8 Rxc8 28. Ka1 a4 29. Bb2 Qa7 30. Rge1 axb3 31. cxb3
Nd3 32. Nd5 Ra8 33. Bc3 b4 34. Nxb6 bxc3 35. Qe2 Nxe1 36. Qxe1
0-1

[Event "World Junior Championship (Girls)"]
[Site "Yerevan ARM"]
[Date "2007.10.13"]
[EventDate "2007.10.03"]
[Round "10"]
[Result "1-0"]
[White "Elena Tairova"]
[Black "Salome Melia"]
[WhiteElo "2391"]
[BlackElo "2365"]
[PlyCount "107"]

1. e4 c5 2. Nf3 d6 3. d4 cxd4 4. Nxd4 Nf6 5. Nc3 Nc6 6. Bg5 e6
7. Qd2 Qb6 8. Bxf6 gxf6 9. Nb3 a6 10. O-O-O Bd7 11. f4 Rg8
12. Kb1 O-O-O 13. Qe2 Na5 14. Qh5 Nxb3 15. axb3 Rg7 16. Qh6 f5
17. exf5 Rxg2 18. Qf6 Rg4 19. Bh3 Rxf4 20. Qxf7 Qf2 21. Rdf1
Qh4 22. Rxf4 Qxf4 23. Rf1 Qxh2 24. Qxh7 Kb8 25. f6 d5 26. Qd3
Qe5 27. Bg2 Bh6 28. Qh7 Bf8 29. Qh4 Bd6 30. Bf3 Rf8 31. Be2
Be8 32. Bd3 Bf7 33. Ne2 Qh2 34. Qd4 Qe5 35. Qh4 Qh2 36. Qd4
Qe5 37. Qb6 Bc7 38. Qg1 Rg8 39. Qf2 Qh2 40. Qe3 Qe5 41. Qh6
Qh2 42. Qe3 e5 43. Bf5 Rg2 44. Qc5 Qh8 45. Qe7 Qg8 46. Nc3 Rg1
47. Rxg1 Qxg1+ 48. Ka2 Qg8 49. Na4 Qe8 50. Bd7 Qg8 51. Nc5 Qg1
52. Be6 Bxe6 53. Nxe6 Bb6 54. f7 1-0

[Event "World Junior Championship (Girls)"]
[Site "Yerevan ARM"]
[Date "2007.10.14"]
[EventDate "2007.10.03"]
[Round "11"]
[Result "1/2-1/2"]
[White "Gulmira Dauletova"]
[Black "Elena Tairova"]
[WhiteElo "2210"]
[BlackElo "2391"]
[PlyCount "61"]

1. e4 c5 2. Nf3 d6 3. d4 cxd4 4. Nxd4 Nf6 5. Nc3 e6 6. Be3 Be7
7. Be2 O-O 8. f4 a6 9. O-O Nc6 10. Qe1 Qc7 11. Qg3 d5 12. exd5
exd5 13. Bf3 Bc5 14. Rad1 Nxd4 15. Bxd4 Bxd4+ 16. Rxd4 Qb6
17. Qf2 Qxb2 18. Nxd5 Nxd5 19. Bxd5 Bf5 20. Rd2 Rac8 21. c4
Qa3 22. Rb2 Rc7 23. Rxb7 Rxb7 24. Bxb7 Re8 25. Re1 Rxe1+
26. Qxe1 Be6 27. Bd5 Bxd5 28. cxd5 Qc5+ 29. Kh1 Kf8 30. h3
Qxd5 31. Qb4+ 1/2-1/2

[Event "World Junior Championship (Girls)"]
[Site "Yerevan ARM"]
[Date "2007.10.15"]
[EventDate "2007.10.03"]
[Round "12"]
[Result "1-0"]
[White "Elena Tairova"]
[Black "Dronavalli Harika"]
[WhiteElo "2391"]
[BlackElo "2480"]
[PlyCount "81"]

1. e4 c5 2. Nf3 Nc6 3. Nc3 d6 4. d4 cxd4 5. Nxd4 e5 6. Nf5
Bxf5 7. exf5 Qd7 8. g4 h5 9. g5 Qxf5 10. Bg2 O-O-O 11. Be3
Nge7 12. Nd5 Kb8 13. c4 e4 14. Qd2 h4 15. h3 Nc8 16. Qc2 Re8
17. O-O-O g6 18. Nf6 Bg7 19. Bxe4 Rxe4 20. Qxe4 Qa5 21. a3 Qa4
22. Kb1 Na5 23. c5 Nc4 24. Qc2 Qb5 25. Ka2 Bxf6 26. gxf6 Nxe3
27. fxe3 dxc5 28. Qe4 a6 29. Rd5 Re8 30. Qf4+ Ka7 31. Rc1 Nb6
32. Rdxc5 Qd7 33. Re5 Rxe5 34. Qxe5 Qxh3 35. Rc7 Qf3 36. e4
Qe2 37. Qe7 Ka8 38. Qf8+ Ka7 39. Qe7 Ka8 40. Qc5 Ka7 41. Qc6
1-0

[Event "Russian Superfinals (Women)"]
[Site "Moscow RUS"]
[Date "2007.12.18"]
[EventDate "2007.12.18"]
[Round "1"]
[Result "1-0"]
[White "Elena Tairova"]
[Black "Tatiana Shadrina"]
[WhiteElo "2391"]
[BlackElo "2379"]
[PlyCount "99"]

1. e4 c5 2. Nf3 e6 3. d4 cxd4 4. Nxd4 Nf6 5. Nc3 d6 6. g3 Be7
7. Bg2 O-O 8. O-O Bd7 9. a4 Nc6 10. Nb3 Na5 11. e5 dxe5
12. Nxa5 Qxa5 13. Bxb7 Rab8 14. Bg2 Rfc8 15. Qe2 Bc6 16. Bxc6
Rxc6 17. Re1 Bd6 18. Bd2 Qb6 19. Rab1 Bc5 20. Nd1 Bd6 21. c3
Qb3 22. Ra1 a5 23. Bc1 Nd5 24. Ne3 Nb6 25. Qb5 Qxb5 26. axb5
Rc5 27. Rxa5 Bc7 28. Ra2 Rxb5 29. b4 f5 30. Ba3 Nd5 31. Bb2
R5b7 32. Ra6 Kf7 33. Kf1 e4 34. Nc4 Rd8 35. Rea1 Bb8 36. Na5
Rbd7 37. Nc6 Rc8 38. c4 Nxb4 39. Nxb4 Rxc4 40. Nc6 Bc7
41. Ne5+ Bxe5 42. Bxe5 g5 43. Ra7 Rxa7 44. Rxa7+ Kg6 45. Rg7+
Kh5 46. Rxh7+ Kg4 47. h3+ Kf3 48. Rc7 Rxc7 49. Bxc7 e3
50. fxe3 1-0

[Event "Russian Superfinals (Women)"]
[Site "Moscow RUS"]
[Date "2007.12.19"]
[EventDate "2007.12.18"]
[Round "2"]
[Result "0-1"]
[White "Nadezhda Kosintseva"]
[Black "Elena Tairova"]
[WhiteElo "2469"]
[BlackElo "2391"]
[PlyCount "108"]

1. e4 e6 2. d4 d5 3. Nc3 Bb4 4. e5 c5 5. a3 Ba5 6. Bd2 Nc6
7. b4 Bc7 8. Nb5 Nxd4 9. Nxd4 cxd4 10. f4 Ne7 11. Nf3 Bb6
12. Bd3 Bd7 13. O-O Rc8 14. a4 a6 15. Kh1 Nf5 16. Qe2 h5
17. Rfc1 h4 18. Be1 Rc3 19. Ng5 Qe7 20. Bxc3 dxc3 21. Bxf5
exf5 22. Qf3 h3 23. Nxh3 Qxb4 24. Nf2 Qd4 25. Nd3 Bxa4
26. Rab1 a5 27. Qg3 O-O 28. Ra1 Rc8 29. Qh3 Bd7 30. Rf1 Rc6
31. Rae1 Rh6 32. Qf3 Ba4 33. Re2 Bb5 34. Rd1 Bxd3 35. Qxd3
Qxd3 36. Rxd3 d4 37. Re1 Bc5 38. Rb1 b6 39. Ra1 Kf8 40. g3 Ke7
41. Kg2 Rh8 42. h3 Ra8 43. Kf3 Ke6 44. Rdd1 Kd5 45. g4 fxg4+
46. Kxg4 a4 47. Re1 b5 48. Kf3 Rh8 49. Rh1 a3 50. Rae1 b4
51. e6 fxe6 52. Re5+ Kc4 53. Ke4 a2 54. Rxe6 Rxh3 0-1

[Event "Russian Superfinals (Women)"]
[Site "Moscow RUS"]
[Date "2007.12.20"]
[EventDate "2007.12.18"]
[Round "3"]
[Result "0-1"]
[White "Elena Tairova"]
[Black "Tatiana Kosintseva"]
[WhiteElo "2391"]
[BlackElo "2492"]
[PlyCount "100"]

1. e4 e5 2. Nf3 Nc6 3. Bb5 a6 4. Ba4 Nf6 5. O-O Be7 6. Re1 b5
7. Bb3 d6 8. c3 O-O 9. h3 Nb8 10. d4 Nbd7 11. Nbd2 Bb7 12. Bc2
Re8 13. b3 Bf8 14. d5 c6 15. c4 Qc7 16. Nf1 bxc4 17. bxc4 cxd5
18. cxd5 Rec8 19. Ne3 g6 20. Nd2 a5 21. Bb2 Ba6 22. Rc1 Qd8
23. Qf3 Nc5 24. Ba3 Bh6 25. Nb3 Nfd7 26. Bb1 Nxb3 27. axb3 Qb6
28. Nc4 Bxc4 29. Rxc4 Rxc4 30. bxc4 Bd2 31. Rd1 Bb4 32. Bc1 a4
33. Ba2 Bc5 34. h4 h5 35. g3 Rb8 36. Kg2 Bd4 37. Qe2 Nc5
38. g4 Qd8 39. Kg3 Qf6 40. Rf1 hxg4 41. Kxg4 Qh8 42. Kh3 Qh5
43. f3 Kg7 44. Kg2 g5 45. Rh1 gxh4 46. Kf1 h3 47. Ke1 f5
48. Qd2 fxe4 49. Rxh3 Qxh3 50. Qg5+ Kf7 0-1

[Event "Russian Superfinals (Women)"]
[Site "Moscow RUS"]
[Date "2007.12.22"]
[EventDate "2007.12.18"]
[Round "4"]
[Result "1/2-1/2"]
[White "Elena Tairova"]
[Black "Svetlana Matveeva"]
[WhiteElo "2391"]
[BlackElo "2433"]
[PlyCount "140"]

1. e4 e6 2. d4 d5 3. Nd2 a6 4. Bd3 c5 5. dxc5 Bxc5 6. Ngf3 Nc6
7. a3 Nge7 8. O-O Ba7 9. b4 O-O 10. Bb2 Ng6 11. e5 Nf4 12. Nb3
Bd7 13. Qd2 Nxd3 14. cxd3 Qe7 15. Rac1 Rfc8 16. Nc5 Be8
17. Rc2 a5 18. Rfc1 axb4 19. axb4 Bb6 20. Nd4 Nxd4 21. Bxd4
Bd8 22. Nb3 Rxc2 23. Rxc2 b6 24. Nc1 h6 25. h3 Bb5 26. f4 Qd7
27. Ne2 Ra3 28. Bc3 Qb7 29. Kf2 Qa6 30. Ke3 Be7 31. Nd4 Qa4
32. Rb2 Bh4 33. Nc2 Ra2 34. Rxa2 Qxa2 35. Nd4 Qa6 36. Nf3 Bg3
37. h4 Qa4 38. Bd4 Qa6 39. Qc2 Kh7 40. h5 Qa7 41. Qb1 Qc7
42. Bb2 Ba4 43. Bd4 Qc6 44. Bb2 Bc2 45. Qc1 Qa4 46. Bd4 Qb3
47. Qd2 b5 48. Bc3 Qb1 49. Bd4 Ba4 50. Bc3 Qh1 51. Bb2 Qxh5
52. Kd4 Qg4 53. Bc1 g5 54. Qe2 Bxf4 55. Bxf4 Qxf4+ 56. Kc5 g4
57. Nd4 h5 58. Qe1 g3 59. Nf3 Bc2 60. Qe2 Ba4 61. Qe1 Kh6
62. Kd6 Bc2 63. Qc3 Bd1 64. Nd4 h4 65. Qc8 Qxd4 66. Qh8+ Kg5
67. Qf6+ Kg4 68. Qg7+ Kf4 69. Qh6+ Kg4 70. Qg7+ Kf4 1/2-1/2

[Event "Russian Superfinals (Women)"]
[Site "Moscow RUS"]
[Date "2007.12.23"]
[EventDate "2007.12.18"]
[Round "5"]
[Result "0-1"]
[White "Evgenija Ovod"]
[Black "Elena Tairova"]
[WhiteElo "2386"]
[BlackElo "2391"]
[PlyCount "86"]

1. d4 d5 2. c4 c6 3. Nf3 Nf6 4. Nc3 e6 5. Bg5 h6 6. Bxf6 Qxf6
7. e3 Nd7 8. Bd3 dxc4 9. Bxc4 g6 10. O-O Bg7 11. Rc1 O-O
12. Ne4 Qe7 13. Bb3 Rd8 14. Qc2 e5 15. Rfe1 Kh8 16. g4 Rf8
17. g5 f5 18. gxf6 Bxf6 19. Ng3 Kg7 20. Kh1 Nb6 21. Rg1 Kh7
22. Nh5 e4 23. Nxf6+ Rxf6 24. Ne5 Bf5 25. Rg3 Raf8 26. Rcg1
Nd7 27. Qc3 Re8 28. Nxd7 Bxd7 29. Bc2 Rxf2 30. R1g2 Rf6
31. Qa5 Qf7 32. h3 a6 33. Kh2 Bf5 34. Bb3 Qe7 35. Rc2 h5
36. Rc5 Qd6 37. Re5 Rff8 38. Qc5 Qc7 39. Be6 b6 40. Bxf5 Rxf5
41. Qc4 Rexe5 42. dxe5 Qxe5 43. Qxc6 Rf2+ 0-1

[Event "Russian Superfinals (Women)"]
[Site "Moscow RUS"]
[Date "2007.12.24"]
[EventDate "2007.12.18"]
[Round "6"]
[Result "1-0"]
[White "Elena Tairova"]
[Black "Valentina Gunina"]
[WhiteElo "2391"]
[BlackElo "2359"]
[PlyCount "97"]

1. e4 e5 2. Nf3 Nc6 3. Bb5 a6 4. Ba4 Nf6 5. O-O Be7 6. Re1 b5
7. Bb3 O-O 8. c3 d5 9. d4 exd4 10. e5 Ne4 11. cxd4 Bg4 12. Nc3
Bxf3 13. gxf3 Nxc3 14. bxc3 Qd7 15. Kh1 f5 16. Rg1 Kh8 17. Bc2
Na5 18. Bg5 c5 19. Qd2 Rac8 20. Rae1 Qe6 21. Bxe7 Qxe7 22. Bd3
Nc6 23. Qf4 b4 24. Bxa6 Ra8 25. Bb5 Na7 26. Bd3 c4 27. Bb1
bxc3 28. Re3 Nb5 29. e6 c2 30. Bxc2 Rxa2 31. Rc1 Na3 32. Bxf5
Rxf2 33. Qe5 Nb5 34. Rb1 Nd6 35. Bg4 Rd2 36. Qxd5 Nf5 37. Bxf5
Qg5 38. f4 Qxf4 39. Rh3 Rxf5 40. Qxf5 Rd1+ 41. Rxd1 Qxf5
42. Re3 Qd5+ 43. Kg1 Qg5+ 44. Rg3 Qf6 45. Re1 Qxd4+ 46. Rge3
Qg4+ 47. Kh1 Qh5 48. e7 Qe8 49. Rf1 1-0

[Event "Russian Superfinals (Women)"]
[Site "Moscow RUS"]
[Date "2007.12.26"]
[EventDate "2007.12.18"]
[Round "7"]
[Result "0-1"]
[White "Natalia Pogonina"]
[Black "Elena Tairova"]
[WhiteElo "2462"]
[BlackElo "2391"]
[PlyCount "210"]

1. e4 e6 2. d4 d5 3. Nd2 Be7 4. Bd3 c5 5. dxc5 Nf6 6. Qe2 Nc6
7. Ngf3 Nb4 8. Nb3 Nxd3+ 9. cxd3 a5 10. Bg5 a4 11. Nbd2 h6
12. Bxf6 Bxf6 13. e5 Be7 14. Rc1 Qa5 15. Qe3 Bd7 16. O-O O-O
17. Rc2 Rfc8 18. Rfc1 Rc7 19. Qd4 Rac8 20. b4 axb3 21. Nxb3
Qa6 22. Ne1 f6 23. exf6 Bxf6 24. Qb4 e5 25. d4 e4 26. Qb6 Qa4
27. Qd6 Bc6 28. Rd1 Rf7 29. Qg3 Re8 30. Rb2 Bg5 31. Nc2 Qa8
32. Qc3 Ref8 33. Ne3 Bh4 34. Rdd2 Bg5 35. Nc1 Qb8 36. a3 Bf4
37. h3 Qd8 38. Na2 Bxe3 39. Qxe3 Rf3 40. Qe1 Rxa3 41. Nb4 Qg5
42. Nxc6 bxc6 43. Kh2 e3 44. fxe3 Rxe3 45. Re2 Qf4+ 46. Kh1
Rxe2 47. Rxe2 Qxd4 48. Re8 Qxc5 49. Qe6+ Kh7 50. Rxf8 Qxf8
51. Qxc6 Qf5 52. Qc1 d4 53. Kg1 Qe4 54. Kf2 Kg6 55. Qd2 Kf5
56. g3 Kg6 57. Qc1 Qf5+ 58. Kg2 Qd5+ 59. Kf2 Qa2+ 60. Kf3 Qb3+
61. Kf2 Qe6 62. Qd2 Qe4 63. Qc1 Kf6 64. Qd2 Qe5 65. Qc1 Qf5+
66. Kg2 Qd5+ 67. Kf2 Qf5+ 68. Kg2 Qd3 69. Kf2 Qc3 70. Qf4+ Ke6
71. Qg4+ Kd5 72. Qxg7 Qe3+ 73. Kf1 Qc1+ 74. Ke2 Qe3+ 75. Kf1
Kc4 76. Qf8 Qd3+ 77. Kf2 Qd2+ 78. Kf1 Qc1+ 79. Kf2 Qe3+
80. Kf1 Kb3 81. Qd6 Kc2 82. Qd5 Qc1+ 83. Kf2 Qd2+ 84. Kf1 Qd3+
85. Kf2 Qe3+ 86. Kf1 Kd1 87. Qa8 Qe2+ 88. Kg1 Qe1+ 89. Kg2
Qd2+ 90. Kf1 Qd3+ 91. Kf2 Qc2+ 92. Kf1 d3 93. Qa1+ Qc1 94. Qa2
Qc3 95. Qb1+ Kd2 96. Kf2 Qc5+ 97. Kg2 Qc6+ 98. Kf2 Qc5+
99. Kg2 Qd5+ 100. Kf2 Qd4+ 101. Kf3 Qe3+ 102. Kg4 Ke2 103. h4
d2 104. Qb5+ Kf2 105. Qb2 Qf3+ 0-1

[Event "Russian Superfinals (Women)"]
[Site "Moscow RUS"]
[Date "2007.12.27"]
[EventDate "2007.12.18"]
[Round "8"]
[Result "1-0"]
[White "Elena Tairova"]
[Black "Olga Girya"]
[WhiteElo "2391"]
[BlackElo "2338"]
[PlyCount "67"]

1. e4 c5 2. Nf3 Nc6 3. d4 cxd4 4. Nxd4 e5 5. Nb5 d6 6. N1c3 a6
7. Na3 b5 8. Nd5 Nge7 9. c4 Nxd5 10. cxd5 Nd4 11. Bd3 g6
12. O-O Bg7 13. Nc2 O-O 14. Nxd4 exd4 15. a4 Bd7 16. axb5 Bxb5
17. Bxb5 axb5 18. Rxa8 Qxa8 19. Bf4 Qa6 20. Qd3 Rc8 21. h4 h5
22. Rd1 Rc4 23. Kh2 Bf6 24. Bg3 Be7 25. b3 Rc3 26. Qxd4 Rxb3
27. e5 dxe5 28. Qxe5 Bf6 29. Qe8+ Kg7 30. d6 Qa4 31. Rc1 Bxh4
32. Rc8 Bxg3+ 33. fxg3 Kh6 34. Qe5 1-0

[Event "Russian Superfinals (Women)"]
[Site "Moscow RUS"]
[Date "2007.12.28"]
[EventDate "2007.12.18"]
[Round "9"]
[Result "1/2-1/2"]
[White "Ekaterina Korbut"]
[Black "Elena Tairova"]
[WhiteElo "2443"]
[BlackElo "2391"]
[PlyCount "146"]

1. e4 e6 2. d4 d5 3. Nd2 Be7 4. Bd3 c5 5. dxc5 Nf6 6. Qe2 Nc6
7. Ngf3 Nb4 8. Nb3 Nxd3+ 9. cxd3 a5 10. Bg5 a4 11. Nbd2 h6
12. Bxf6 Bxf6 13. exd5 Qxd5 14. Ne4 Bd7 15. d4 Bc6 16. Nd6+
Kf8 17. Ne5 Bxe5 18. Qxe5 Qxe5+ 19. dxe5 Bxg2 20. Rg1 Bd5
21. Rg4 g5 22. Rb4 Ke7 23. a3 Rhb8 24. Kd2 f6 25. exf6+ Kxf6
26. Rb6 Ra6 27. Ke3 Rxb6 28. cxb6 Rd8 29. Nb5 Bc4 30. Nc3 Rd3+
31. Ke4 Rd2 32. Rb1 Rd6 33. Rd1 Rxb6 34. Nxa4 Rb3 35. Kd4 Bd5
36. Rd3 e5+ 37. Ke3 Rxd3+ 38. Kxd3 Kf5 39. Nc3 Bc6 40. Ke2 Kg4
41. Kf1 Kf3 42. b4 e4 43. Nd1 Bb5+ 44. Kg1 Bd7 45. Ne3 Ke2
46. Nc4 b5 47. Nd6 Kd3 48. Kf1 Bc6 49. Ke1 Kc3 50. Ke2 Kb3
51. Kd2 h5 52. Nf5 Kxa3 53. Kc3 h4 54. Ne3 Bd7 55. Nd5 Be6
56. Nf6 Bf5 57. Nd5 Bg4 58. Ne3 Bf3 59. Nc2+ Ka4 60. Ne3 g4
61. Nf5 h3 62. Nd4 Bd1 63. Kd2 e3+ 64. Kxd1 exf2 65. Ke2 g3
66. Nf3 gxh2 67. Nxh2 Kxb4 68. Kxf2 Kc3 69. Ng4 b4 70. Ne3 h2
71. Kg2 b3 72. Kxh2 Kd3 73. Nd1 Kc2 1/2-1/2

[Event "Russian Superfinals (Women)"]
[Site "Moscow RUS"]
[Date "2007.12.29"]
[EventDate "2007.12.18"]
[Round "10"]
[Result "0-1"]
[White "Elena Tairova"]
[Black "Ekaterina Kovalevskaya"]
[WhiteElo "2391"]
[BlackElo "2448"]
[PlyCount "146"]

1. e4 c5 2. Nf3 Nc6 3. c3 d5 4. exd5 Qxd5 5. d4 Nf6 6. Be2
cxd4 7. cxd4 e6 8. Nc3 Qd8 9. O-O Be7 10. Bg5 O-O 11. Rc1 Bd7
12. a3 Rc8 13. Qd3 Nd5 14. Bd2 Nxc3 15. Bxc3 Bf6 16. Qe4 Qb6
17. Bd3 g6 18. Ne5 Nxe5 19. dxe5 Bc6 20. Qg4 Be7 21. Rcd1 Rfd8
22. h4 Bb5 23. Bxb5 Qxb5 24. Qg3 h5 25. Qe3 b6 26. g3 Qb3
27. Qf3 Bc5 28. Kg2 a5 29. Rfe1 Qa4 30. Rd3 Rxd3 31. Qxd3 Qc6+
32. Re4 Bxa3 33. Qf3 Bf8 34. g4 hxg4 35. Qxg4 Bg7 36. Kh2 Qd5
37. Re3 Rc4 38. Qg5 Qd1 39. Rg3 Qe2 40. Kg1 Ra4 41. Qd8+ Kh7
42. Qd3 Qxd3 43. Rxd3 Rxh4 44. Rd7 Rf4 45. Rb7 Rf5 46. f4 Rxf4
47. Rxb6 a4 48. Kg2 g5 49. Ra6 Kg6 50. Ra7 g4 51. Ra5 Re4
52. Kf2 Bh6 53. Ra8 Kf5 54. Kg2 Bf4 55. Ra7 Kg6 56. Ra5 Kg5
57. Ra7 Bxe5 58. Bxe5 Rxe5 59. Rxf7 Re2+ 60. Kg3 Re3+ 61. Kg2
Rb3 62. Rf2 e5 63. Rc2 e4 64. Rf2 Rf3 65. Rc2 Kf4 66. Rc4 Rb3
67. Rc2 g3 68. Kh3 Kf3 69. Rc8 Rxb2 70. Rf8+ Ke3 71. Kxg3 a3
72. Ra8 a2 73. Ra3+ Kd2 0-1

[Event "Russian Superfinals (Women)"]
[Site "Moscow RUS"]
[Date "2007.12.30"]
[EventDate "2007.12.18"]
[Round "11"]
[Result "1-0"]
[White "Tatiana Stepovaia-Dianchenko"]
[Black "Elena Tairova"]
[WhiteElo "2375"]
[BlackElo "2391"]
[PlyCount "93"]

1. e4 e6 2. d4 d5 3. exd5 exd5 4. Nf3 Nf6 5. Bd3 Bd6 6. O-O
O-O 7. Bg5 h6 8. Bh4 Bg4 9. Nbd2 Nbd7 10. c4 dxc4 11. Nxc4 Nb6
12. Nce5 Be6 13. Bc2 Nbd5 14. a3 Re8 15. Nc4 Be7 16. Nfe5 Nd7
17. Bg3 Nxe5 18. Nxe5 Nf6 19. b4 Qd5 20. Qd3 Red8 21. Rfd1 a5
22. b5 a4 23. Qe2 Re8 24. Bh4 Qd6 25. Qd3 Kf8 26. f3 Nd5
27. Bg3 Qb6 28. Rab1 Qa7 29. Nc4 g6 30. Ne3 c6 31. Nxd5 Bxd5
32. h4 h5 33. Qd2 Kg7 34. Be5+ Kh7 35. Qf4 Qa5 36. Be4 Qd8
37. g4 hxg4 38. h5 Kg8 39. hxg6 Bg5 40. gxf7+ Bxf7 41. Qxg4
Kf8 42. Kg2 Re6 43. Rh1 Bf6 44. Qf4 Qe7 45. Qh6+ Ke8 46. Bxf6
Qxf6 47. Qxf6 1-0

[Event "Moscow Open"]
[Site "Moscow"]
[Date "2008.02.06"]
[EventDate "?"]
[Round "5"]
[Result "1/2-1/2"]
[White "Elena Tairova"]
[Black "Anna Ushenina"]
[WhiteElo "2427"]
[BlackElo "2502"]
[PlyCount "62"]

1. e4 d5 2. exd5 Qxd5 3. Nc3 Qd6 4. d4 Nf6 5. Nf3 c6 6. g3 Bg4
7. Bg2 e6 8. O-O Be7 9. h3 Bxf3 10. Bxf3 O-O 11. a3 Na6
12. Bf4 Qd7 13. Qd3 Rad8 14. Rad1 Qc8 15. Qe2 Nc7 16. Kg2 Ncd5
17. Nxd5 Nxd5 18. Bc1 Bf6 19. Rd3 Rd7 20. Rfd1 Rfd8 21. Be4
Qc7 22. c3 Qa5 23. Qc2 g6 24. a4 Bg7 25. Bf3 Nc7 26. Qe2 Qb5
27. Qc2 Qc4 28. b3 Qa6 29. Be2 Qa5 30. h4 Qd5+ 31. Bf3 Qb5
1/2-1/2

[Event "Moscow Open"]
[Site "Moscow"]
[Date "2008.02.07"]
[EventDate "?"]
[Round "6"]
[Result "1-0"]
[White "Anna Muzychuk"]
[Black "Elena Tairova"]
[WhiteElo "2475"]
[BlackElo "2427"]
[PlyCount "109"]

1. e4 e6 2. d4 d5 3. Nc3 Nf6 4. Bg5 Bb4 5. e5 h6 6. Be3 Ne4
7. Qg4 g6 8. a3 Bxc3+ 9. bxc3 Nxc3 10. Bd3 Nc6 11. h4 Ne7
12. Bd2 Ne4 13. Bxe4 dxe4 14. Ne2 Bd7 15. Ng3 Bc6 16. Nxe4
Bxe4 17. Qxe4 Qd5 18. Qxd5 Nxd5 19. h5 g5 20. c4 Ne7 21. g4
O-O-O 22. Bc3 a6 23. a4 Rd7 24. O-O-O b5 25. axb5 axb5
26. cxb5 Nd5 27. Kc2 Kb7 28. Ra1 Rhd8 29. Ra4 Nf4 30. Rha1 Ne2
31. Kd3 Nxc3 32. Kxc3 Rd5 33. Ra7+ Kb6 34. R7a6+ Kb7 35. Ra7+
Kb6 36. R1a4 R5d7 37. R7a6+ Kb7 38. Ra7+ Kb6 39. Ra8 Rxa8
40. Rxa8 Kxb5 41. Rb8+ Kc6 42. Kc4 Rd5 43. Rf8 Ra5 44. Rxf7
Ra4+ 45. Kd3 Ra1 46. Re7 Rd1+ 47. Ke3 Re1+ 48. Kf3 Kd5
49. Rd7+ Kc4 50. Kg2 Re4 51. f3 Rxd4 52. Rxc7+ Kd5 53. Rh7
Kxe5 54. Rxh6 Rd7 55. Kg3 1-0